Bad blood : (Record no. 9634)

MARC details
000 -LEADER
fixed length control field 01417nam a22002537a 4500
001 - CONTROL NUMBER
control field 9634
003 - CONTROL NUMBER IDENTIFIER
control field FISKH
005 - DATE AND TIME OF LATEST TRANSACTION
control field 20260127093434.0
008 - FIXED-LENGTH DATA ELEMENTS--GENERAL INFORMATION
fixed length control field 260127b cb ||||| |||| 00| 0 eng d
020 ## - INTERNATIONAL STANDARD BOOK NUMBER
International Standard Book Number 9781786542281
040 ## - CATALOGING SOURCE
Original cataloging agency FISKH
Language of cataloging eng
Transcribing agency FISKH
Modifying agency FISKH
050 ## - LIBRARY OF CONGRESS CALL NUMBER
Classification number PZ7 .B26225 .B
082 ## - DEWEY DECIMAL CLASSIFICATION NUMBER
Classification number 813.6
100 ## - MAIN ENTRY--PERSONAL NAME
Personal name Barnes, Jennifer Lynn
245 ## - TITLE STATEMENT
Title Bad blood :
Remainder of title The hunters become the hunted /
Statement of responsibility, etc. Jennifer Lynn Barnes
250 ## - EDITION STATEMENT
Edition statement This editon published in 2024
260 ## - PUBLICATION, DISTRIBUTION, ETC.
Place of publication, distribution, etc. New York :
Name of publisher, distributor, etc. Quercus,
Date of publication, distribution, etc. 2010
300 ## - PHYSICAL DESCRIPTION
Extent 509 pages :
Dimensions 20 cm
490 ## - SERIES STATEMENT
Series statement The Naturals : Book 4
520 ## - SUMMARY, ETC.
Summary, etc. When Cassie Hobbes joined the FBI's Naturals program, she had one goal: uncover the truth about her mother's murder. But now, everything Cassie thought she knew about what happened that night has been called into question. Her mother is alive, and the people holding her captive are more powerful and dangerous than anything the Naturals have faced so far. As Cassie and the team work to uncover the secrets of a group that has been killing in secret for generations, they find themselves racing a ticking clock. New victims. New betrayals. New secrets.<br/>When the bodies begin piling up, it soon becomes apparent that this time, the Naturals aren't just hunting serial killers.<br/>They're being hunted.
650 ## - SUBJECT ADDED ENTRY--TOPICAL TERM
Topical term or geographic name entry element Murder
Form subdivision Serial killer
General subdivision Mystery
Chronological subdivision Young Adult
Geographic subdivision FBI
942 ## - ADDED ENTRY ELEMENTS (KOHA)
Source of classification or shelving scheme Dewey Decimal Classification
Koha item type Books
Suppress in OPAC No
Holdings
Withdrawn status Lost status Source of classification or shelving scheme Damaged status Not for loan Collection Home library Current library Shelving location Date acquired Total Checkouts Full call number Barcode Date last seen Copy number Price effective from Koha item type
    Dewey Decimal Classification     Fiction Footprints International School Library Network Toul Kork Campus Footprints International School Library Network Toul Kork Campus A TK Campus, 4th Floor, Room B401, Fiction Bookcases (1-6) 01/27/2026   BAR 813.6 PZ7 .B26225 .B 2026-0150 01/27/2026 1 01/27/2026 Books